{"text_format":"3","workbook":"xls","n_sheets":1,"sheets":["工程量清单"],"not_rendered":{"external_links":1,"defined_names":1},"read":"whole","date_system":"1900","formulas":"cached_only"}

{"sheet":"工程量清单","index":0,"n_rows":15,"n_cols":8,"rows_kept":15,"merged":[[0,0,0,7],[11,0,11,7]],"flags":["formulas_cached_only"]}
["绿港·欢乐里联排商铺渗水整改工程量清单"]
["序号","项目名称","整改具体内容及做法描述(如规格、型号、尺寸等)","单位","工程量","综合单价（元）","合价（元）","备注"]
[1,"地砖拆除","切割瓷砖缝隙，拆除原有地砖，基层清理，缝隙堵漏","㎡",94.8,{"v":58.5,"d":"58.50"},{"v":5545.8,"d":"5545.80"},"长158m,宽0.6m"]
[2,"卷材防水施工","1.5厚自粘聚合物改性沥青卷材","㎡",110.6,{"v":50,"d":"50.00"},{"v":5530,"d":"5530.00"},"长158m,宽0.6m，反边5cm"]
[3,"涂料防水施工","2.0厚聚氨酯防水涂料（反边5cm）刷三遍，","㎡",110.6,{"v":55,"d":"55.00"},{"v":6083,"d":"6083.00"},"长158m,宽0.6m，反边5cm"]
[4,"瓷砖地面恢复","3cm厚1：4水泥砂浆找平层，瓷砖600*600*12mm","㎡",94.8,{"v":141.6,"d":"141.60"},{"v":13423.679999999998,"d":"13423.68"},"长158m,宽0.6m"]
[5,"加装地漏","楼板开孔φ63，深度20cm,地漏50，水泥防水砂浆1:2.5加防水粉填堵","个",4,{"v":100,"d":"100.00"},{"v":400,"d":"400.00"},"含材料、人工费"]
[6,"加装地漏排水管","φ50，距离地面高度4米，连接至一楼110排水管处，架空层处用吊筋管卡固定，每处安装约10米排水管","米",40,{"v":35,"d":"35.00"},{"v":1400,"d":"1400.00"},"含排水管及配件，人工"]
[7,"安装排水管超高费",null,"项",1,{"v":100,"d":"100.00"},{"v":100,"d":"100.00"}]
[8,"垃圾清理外运","装袋搬运至一楼装车，外运约20公里","车",2,{"v":500,"d":"500.00"},{"v":1000,"d":"1000.00"}]
[9,"合计",{"$nulls":4},{"v":33482.479999999996,"d":"33482.48"}]
["说明：\n    1、本表中的综合单价含人工费、材料费、机械费、安装费、运输费、装卸费、二次搬运费、电梯使用费、水电费、安全文明施工费、垃圾清理费、管理费、利润、增值税专用发票税金、规费等所有为实现合同目的的费用以及资料整理收集、提供合格证等验收资料等内容等。\n      2、质保期2年。\n    "]
[null,"报价单位："]
[null,"联系人："]
[null,"日期："]